Eu Quero Saber (Registo nº 199780)

Detalhes MARC
000 -Etiqueta do registo
Valores 00798nam 22002533 4500
010 ## - Número ISBN
ISBN 978-972-47-3825-3
021 ## - Número do Depósito Legal
Código do país Portugal
Número 287 898/09
100 ## - Dados gerais de processamento
Dados gerais 20260108d u||y0pory50 ba
101 ## - Língua de publicação
Língua Português
102 ## - País de publicação
País Portugal
200 ## - Titulo e menção de responsabilidade
Título próprio Eu Quero Saber
Informação de outro título As Artes
Primeira menção de responsabilidade Anónimo
Outras menções de responsabilidade Ilustração de Ricardo Ferrand ; Revisão Texto Editores
205 ## - Menção da edição
Edição
210 ## - Publicação
Local de publicação Alfragide
Nome do editor Universal Infantil
Data de publicação 2009
215 ## - Descrição física 
Paginação / Volumes 32 p. : il.
Outras indicações físicas Encadernado
Dimensões 30 cm
225 ## - Colecção 
Título próprio da colecção Eu Quero Saber
Informação de outro título Júnior - Brincar e Aprender, como deve ser
606 ## - Nome comum usado como assunto
ID Autoridade 15581
Palavra de ordem Arte
Subdivisão assunto Para Crianças
675 ## - CDU
Notação 7(0.053.2)/ANO/QUE
Edição PT
Língua por
700 ## - Autor principal (pessoa individual)
ID Autoridade 1351
Apelido Anónimo
702 ## - Autor secundário (pessoa individual)
ID Autoridade 15582
Apelido Ferrand
Nome Ricardo
801 ## - Fonte de origem
País PT
Agência BMMN
Regras de catalogação RPC
830 ## - Notas gerais do catalogador
Criado por Carlos Pinto
Data de criação 08-01-2026
Indexado por Carlos Pinto
990 ## - Elementos KOHA
Tipo de documento Livro
Exemplares
Situação do levantamento Biblioteca de origem Código de barras Cota Permissão de empréstimo Tipo de documento Forma de aquisição
  Biblioteca Escolar nº 2 28783 7(0.053.2)/ANO/QUE   Livro Compra

Powered by Koha